00610nam a22001817a 450000500170000001000150001702000270003203500140005903700090007308200160008224501200009825000060021826000400022427000840026430000200034870000380036870000220040620250807111243.0 aENG-146379 c1700.00a9789361630699 aEN-129911 bDBAD a333.951621 aAdvances in Life Sciences: bPresent Stratus and Future Scenario/cEdited By M. Nagalakshmi Devamma [and] T. Vijaya a1 aMaduraibShanlax Publicationsc2025 a61, T.P.K., Main Road, Vasantha NagarbMadurai e625003mshanlax_1990@yahoo.com a233p.c22cm(pb) aDevamma , M. Nagalakshmi eAuthor aT. VijayaeAuthor